00599nam a22001577a 450000500170000001000150001702000310003203500140006303700130007708200110009024500970010126000440019827000770024230000910031970000310041020210406171211.0 aENG-129374 a978-93-5388-376-8c1595.00 aEN-112906 bDBAD/PUB a338.19 aFoods and Power: Expressions of Food- Politics in South Asiacedited by Kanchan Mukhopadhyay aNew DelhibSage Publication Indiac2020 aB1/1-1 Mohan Cooperative Industrial Area Mathura RoadbNew Delhie110044 axviii+424p.c24cm(hbk)bIncluding illustrations, index and bibliographical references. aMukhopadhyay, Kanchan, Ed.